Coparative study of Dissection of calot's triangle & gallbladder using monopolar hook versus harmonic scalpel in laparoscopic cholecystectomy (Record no. 26518)
[ view plain ]
| 000 -LEADER | |
|---|---|
| fixed length control field | 00419nam a22001457a 4500 |
| 003 - CONTROL NUMBER IDENTIFIER | |
| control field | SGT |
| 082 ## - DEWEY DECIMAL CLASSIFICATION NUMBER | |
| Classification number | 617 |
| Item number | C23M |
| 100 ## - MAIN ENTRY--PERSONAL NAME | |
| Personal name | MODI, NARESH |
| 245 ## - TITLE STATEMENT | |
| Title | Coparative study of Dissection of calot's triangle & gallbladder using monopolar hook versus harmonic scalpel in laparoscopic cholecystectomy |
| 260 ## - PUBLICATION, DISTRIBUTION, ETC. (IMPRINT) | |
| Place of publication, distribution, etc | GURUGRAM |
| Name of publisher, distributor, etc | SGT UNIVERSITY |
| Year of Publication | 2023 |
| 300 ## - PAGE DESCRIPTION | |
| No. of Pages | 231 |
| 650 ## - SUBJECT ADDED ENTRY--TOPICAL TERM | |
| Topical term or geographic name as entry element | SURGERY |
| 653 ## - KEYWORDS--INDEX TERM | |
| Keyword term | M.S |
| 942 ## - ADDED ENTRY ELEMENTS (KOHA) | |
| Source of classification or shelving scheme | Dewey Decimal Classification |
| Koha item type | Thesis/Dissertation |
| Withdrawn status | Lost status | Source of classification or shelving scheme | Damaged status | Use restrictions | Not for loan | Collection code | Home library | Current library | Shelving location | Date acquired | Total Checkouts | Full call number | Accession No. (Barcode) | Date last seen | Bill Date | Koha item type |
|---|---|---|---|---|---|---|---|---|---|---|---|---|---|---|---|---|
| Dewey Decimal Classification | Restricted Access | Not For Loan | MEDICAL | SGT Medical Library | SGT Medical Library | Reference Book | 25/06/2024 | 617 C23M | DT1735 | 25/06/2024 | 25/06/2024 | Thesis/Dissertation |